| 000 | 01483nam0a2200361 4500 | ||
|---|---|---|---|
| 001 | RU\NLR\bibl\1832447 | ||
| 005 | 20260406194846.0 | ||
| 021 |
_aRU _b2011-81988 _95847 |
||
| 035 | _a(NLR Aleph) 001822944 | ||
| 090 |
_a2031387 _c2031387 |
||
| 100 | _a20111111d2011 |||y0rusy50 ca | ||
| 101 | 0 |
_arus _aeng |
|
| 102 | _aRU | ||
| 105 | _aa ||||||||| | ||
| 200 | 1 |
_aМаринин дом _e[Дом-музей М. Цветаевой _fсост.: Г. А. Данильева, Н. Б. Шаинян] |
|
| 205 | _a[2-е изд.] | ||
| 210 |
_aМосква _cДом-музей Марины Цветаевой _d2011 |
||
| 215 |
_a47, [1] с. _cил. _d24 |
||
| 300 | _aЧасть текста парал.: рус., англ. | ||
| 601 | 0 | 2 |
_aДом-музей Марины Цветаевой _cМосква, город _92478741 _3RU\NLR\auth\661471626 |
| 675 |
_a[821.161.1.09 _v3 _zrus |
||
| 675 |
_a929Цветаева]:069.02(470-25) _v3 _zrus |
||
| 686 | _aШ5(2=Р)53-4Цветаева | ||
| 702 | 1 |
_aДанильева _bГ. А. _gГалина Алексеевна _4220 |
|
| 711 | 0 | 2 |
_4220 _aДом-музей Марины Цветаевой _cМосква _9412169 _3RU\NLR\AUTH\889958046 |
| 801 | 0 |
_aRU _bNLR _c20111111 _gRCR |
|
| 801 | 1 |
_aRU _bNLR _c20111111 |
|
| 942 | _cBOOK | ||
| 980 | _aNB | ||
| 980 | _aNBR | ||